Conquest of the sea : Cord-Christian troebst

সংরক্ষণ করুন:
গ্রন্থ-পঞ্জীর বিবরন
বিন্যাস: গ্রন্থ
ভাষা:Undetermined
প্রকাশিত: London Hodder And Stoughton 1963
বিষয়গুলি:
ট্যাগগুলো: ট্যাগ যুক্ত করুন
কোনো ট্যাগ নেই, প্রথমজন হিসাবে ট্যাগ করুন!
Thư viện lưu trữ: Trung tâm Học liệu Trường Đại học Cần Thơ
LEADER 00540nam a2200193Ia 4500
001 CTU_80106
008 210402s9999 xx 000 0 und d
082 |a 551.46 
082 |b C753 
245 0 |a Conquest of the sea : 
245 0 |b Cord-Christian troebst 
245 0 |c Brian C. Price, Elsbeth Price translated 
260 |a London 
260 |b Hodder And Stoughton 
260 |c 1963 
650 |a Oceanography,Oceanography 
650 |x Research 
904 |i Trọng Hải 
980 |a Trung tâm Học liệu Trường Đại học Cần Thơ